000
00217 a2200097 4500
001
23633
100
_a
Goswami, P.C
245
_a
Economic development of assam
260
_a
_b
Asia Pub house
_c
090
_c
16015
_d
16015
942
_a
NUST-CAE
_c
M
_c
6687
999
_c
258706
_d
258706